[Event "Nacional Sub 14 Femenino"]
[Site "Santiago de Cali Valle"]
[Date "????.??.??"]
[Round "6.18"]
[White "Fiesco, Valentina"]
[Black "Agudelo, Alejandra"]
[Result "1/2-1/2"]
[WhiteElo "1592"]
[BlackElo "1393"]
[PlyCount "94"]
[EventDate "2007.03.30"]

1. d4 d5 2. e3 Nc6 3. c4 e6 4. Nc3 Nf6 5. Nf3 Bd6 6. Bd3 dxc4 7. Bxc4 Bb4 8.
Bd2 Bxc3 9. Bxc3 O-O 10. O-O Re8 11. Qe2 Ne4 12. Qd3 Nxc3 13. Qxc3 Qf6 14. Rad1
h6 15. Bb5 Bd7 16. Ne5 Qe7 17. Nxc6 bxc6 18. Bxc6 Rab8 19. d5 Bxc6 20. dxc6
Red8 21. a3 Rd6 22. b4 a6 23. Rxd6 Qxd6 24. Rc1 Rd8 25. Qc2 Kf8 26. g3 Qd3 27.
Qxd3 Rxd3 28. a4 Ra3 29. a5 Rb3 30. Rc4 Ke7 31. Kf1 Kd6 32. e4 Rb1+ 33. Ke2
Rb2+ 34. Kf3 Ke5 35. Rc5+ Kd6 36. e5+ Ke7 37. Rc4 Rb3+ 38. Ke4 Rb2 39. Ke3 Rb3+
40. Ke2 Rb2+ 41. Kf1 f6 42. exf6+ Kxf6 43. h4 Ke5 44. Rg4 Kf6 45. Rc4 Ke5 46.
Rg4 Kf6 47. Rc4 Ke5 1/2-1/2

[Event "Nacional Sub 14 Femenino"]
[Site "Santiago de Cali Valle"]
[Date "????.??.??"]
[Round "6.19"]
[White "Rodriguez, Sofia"]
[Black "Rios, Jessica"]
[Result "1-0"]
[WhiteElo "1469"]
[BlackElo "1400"]
[PlyCount "101"]
[EventDate "2007.03.30"]

1. e4 e5 2. Nf3 Nc6 3. Bb5 a6 4. Ba4 Nf6 5. O-O Nxe4 6. d4 b5 7. Bb3 exd4 8.
Nxd4 Ne7 9. Qf3 d5 10. c3 Bb7 11. Nd2 Nxd2 12. Bxd2 c5 13. Nc2 c4 14. Bxc4 bxc4
15. Rae1 Rb8 16. Qe3 Bc6 17. Nd4 Bd7 18. b3 a5 19. Re2 Rb6 20. h3 Be6 21. Nf3
h6 22. Rd1 Nf5 23. Qf4 Bc5 24. Qxf5 O-O 25. Qf4 Re8 26. bxc4 dxc4 27. Ree1 Rb2
28. Be3 Qb6 29. Bxc5 Qxc5 30. Qd4 Qf5 31. Nh4 Qg5 32. Qe3 Qxh4 33. Qg3 Qf6 34.
Qf3 Qg5 35. Qg3 Qc5 36. Re5 Qb6 37. Qe3 Qa6 38. f4 Qa8 39. Qf3 Qa7+ 40. Kh1
Rxa2 41. Qe3 Qb7 42. Qe4 Qb2 43. f5 Kf8 44. fxe6 Qxc3 45. e7+ Kg8 46. Rd8 g6
47. Rxe8+ Kg7 48. Rd8 Qg3 49. e8=Q Ra1+ 50. Qe1 Qc3 51. Qh8# 1-0

[Event "Nacional Sub 14 Femenino"]
[Site "Santiago de Cali Valle"]
[Date "????.??.??"]
[Round "6.20"]
[White "Muñoz, Diana"]
[Black "Garcia, Mildrey"]
[Result "1-0"]
[WhiteElo "1442"]
[BlackElo "1373"]
[PlyCount "109"]
[EventDate "2007.03.30"]

1. e4 e5 2. Nf3 Nc6 3. Bb5 a6 4. Ba4 Nf6 5. O-O Bc5 6. Re1 Ng4 7. Rf1 Nf6 8. h3
O-O 9. c3 Nxe4 10. Re1 Nf6 11. Nxe5 Nxe5 12. Rxe5 d6 13. Re1 b5 14. Bc2 Qd7 15.
d4 Bb6 16. Bg5 Qc6 17. Bxf6 g6 18. Be4 Qd7 19. Bxa8 Re8 20. Rxe8+ Qxe8 21. Bd5
c6 22. Bb3 Bb7 23. Nd2 c5 24. dxc5 Qc6 25. Nf3 Bxc5 26. Qd2 d5 27. Qh6 Qxf6 28.
Re1 Bc6 29. Bxd5 Bd7 30. Ng5 Qg7 31. Qxg7+ Kxg7 32. b4 Bd6 33. Bxf7 Kf6 34. h4
h6 35. Be6 hxg5 36. Bxd7 gxh4 37. Re6+ Kf7 38. Rxd6 Ke7 39. Rd3 Kf6 40. g3 g5
41. gxh4 gxh4 42. Bc8 Kg5 43. Kg2 Kf4 44. Rf3+ Ke4 45. Bxa6 h3+ 46. Rxh3 Kd5
47. Bxb5 Ke4 48. Bd3+ Kd5 49. Re3 Kc6 50. f4 Kb6 51. f5 Kc6 52. f6 Kb6 53. f7
Kc6 54. f8=Q Kd5 55. Qc5# 1-0

[Event "Nacional Sub 14 Femenino"]
[Site "Santiago de Cali Valle"]
[Date "????.??.??"]
[Round "6.21"]
[White "Loaiza, Angelica"]
[Black "Tascon, Juliana"]
[Result "0-1"]
[WhiteElo "1300"]
[BlackElo "1300"]
[PlyCount "25"]
[EventDate "2007.03.30"]

1. e4 e5 2. Bc4 Nf6 3. Nc3 Nc6 4. Qh5 Nxh5 5. Nf3 Nf6 6. O-O Bb4 7. a3 Bxc3 8.
dxc3 Nxe4 9. Bb5 O-O 10. Bxc6 bxc6 11. Nxe5 d6 12. Nf3 Ba6 13. Rd1 0-1

[Event "Nacional Sub 14 Femenino"]
[Site "Santiago de Cali Valle"]
[Date "????.??.??"]
[Round "7.1"]
[White "Calderon, Karen"]
[Black "Salazar, Aura"]
[Result "1-0"]
[WhiteElo "1483"]
[BlackElo "1663"]
[PlyCount "105"]
[EventDate "2007.03.30"]

1. d4 Nf6 2. Nf3 g6 3. Bf4 d6 4. h3 Bg7 5. e3 O-O 6. Be2 Nc6 7. O-O Nd7 8. c3
e5 9. dxe5 Ndxe5 10. Nbd2 b6 11. a4 Bb7 12. Nd4 Ne7 13. N2f3 Nd5 14. Bh2 Qe7
15. a5 c5 16. a6 Bxa6 17. Bxa6 cxd4 18. exd4 Nc6 19. Re1 Qc7 20. Qb3 Nde7 21.
Qc4 Qd7 22. Bb5 d5 23. Qd3 Qd8 24. Ba6 Qd7 25. Re2 Nf5 26. Rae1 Nd6 27. Ne5
Nxe5 28. dxe5 Nb7 29. Bb5 Qe6 30. Rd1 Rfd8 31. Qf3 Nc5 32. b4 Ne4 33. Qe3 Rac8
34. Rd3 h6 35. h4 Qg4 36. f3 Qxh4 37. fxe4 dxe4 38. Rxd8+ Rxd8 39. Qg3 Rd1+ 40.
Kf2 Qd8 41. Rxe4 Qd5 42. Qf3 Qxb5 43. Qxd1 f5 44. exf6 Bxf6 45. Qb3+ Kg7 46.
Qc4 Qf5+ 47. Ke1 g5 48. Qd3 Qc8 49. Be5 Bxe5 50. Rxe5 Qc7 51. Rd5 Qe7+ 52. Kd2
Kf6 53. Qf5+ 1-0

[Event "Nacional Sub 14 Femenino"]
[Site "Santiago de Cali Valle"]
[Date "????.??.??"]
[Round "7.2"]
[White "Pachon, Adriana"]
[Black "Fiesco, Ivon"]
[Result "1-0"]
[WhiteElo "1680"]
[BlackElo "1654"]
[PlyCount "103"]
[EventDate "2007.03.30"]

1. e4 e5 2. Nf3 Nc6 3. Bc4 Be7 4. d4 d6 5. dxe5 Nxe5 6. Nxe5 dxe5 7. Qxd8+ Bxd8
8. Nc3 Nf6 9. O-O O-O 10. h3 Re8 11. Bg5 c6 12. Rad1 Kf8 13. Rd3 Be6 14. Bxe6
Rxe6 15. Rfd1 Re8 16. Na4 Be7 17. Bxf6 Bxf6 18. Nc5 b6 19. Nd7+ Ke7 20. Nxf6
Kxf6 21. Rd6+ Re6 22. Rd7 Re7 23. R7d6+ Re6 24. R1d3 c5 25. R6d5 Ke7 26. Rd7+
Ke8 27. R3d5 Re7 28. Rxe7+ Kxe7 29. Rxe5+ Kd6 30. Rd5+ Ke6 31. f3 c4 32. c3 Rb8
33. Kf2 b5 34. Rc5 Kd6 35. Rd5+ Ke6 36. a3 a5 37. Ke3 Rb6 38. f4 f6 39. f5+ Ke7
40. Rc5 Kd6 41. Rd5+ Kc7 42. g3 a4 43. Kd4 Rd6 44. Kc5 Rb6 45. Rd7+ Kxd7 46.
Kxb6 b4 47. axb4 g6 48. Ka5 Kd6 49. Kxa4 Ke5 50. fxg6 hxg6 51. b5 Kd6 52. Kb4
1-0

[Event "Nacional Sub 14 Femenino"]
[Site "Santiago de Cali Valle"]
[Date "????.??.??"]
[Round "7.3"]
[White "Castro, Natalia"]
[Black "Granada, Angie"]
[Result "1-0"]
[WhiteElo "1655"]
[BlackElo "1671"]
[PlyCount "127"]
[EventDate "2007.03.30"]

1. e4 c5 2. Nf3 d6 3. Bb5+ Bd7 4. Bxd7+ Nxd7 5. c4 Ngf6 6. Nc3 g6 7. O-O Bg7 8.
d4 cxd4 9. Nxd4 O-O 10. Kh1 Rc8 11. b3 Nc5 12. f3 Qb6 13. Bb2 Rcd8 14. Nd5 Nxd5
15. exd5 a5 16. Re1 Rfe8 17. Qd2 a4 18. b4 Na6 19. a3 Rc8 20. Rac1 Nb8 21. Nb5
Bxb2 22. Qxb2 Nd7 23. f4 Nf6 24. Qd4 Qd8 25. Qa7 Qd7 26. Qxa4 Qf5 27. g3 Qd3
28. Qd1 Qf5 29. Qf3 Ng4 30. Kg2 Nf6 31. h3 Qd7 32. g4 e6 33. dxe6 fxe6 34. Qd3
Rc6 35. Qd4 Qd8 36. Rcd1 d5 37. c5 Nd7 38. Nd6 Re7 39. Nxb7 Qf8 40. Nd6 Qa8 41.
Ra1 Ra6 42. Re3 Ra4 43. Kh2 Qc6 44. Rae1 Nf8 45. Qf6 Qd7 46. f5 e5 47. Rxe5
Rxe5 48. Rxe5 Ra7 49. fxg6 hxg6 50. Re8 Qg7 51. Qxg7+ Kxg7 52. Re3 Ra8 53. Rd3
Ra7 54. Rxd5 Rxa3 55. c6 Ne6 56. b5 Rb3 57. Nb7 Rb2+ 58. Kg1 Rb3 59. Rd7+ Kf6
60. c7 Rc3 61. b6 Rc6 62. Nd8 Rc4 63. Nxe6 Kxe6 64. Rd8 1-0

[Event "Nacional Sub 14 Femenino"]
[Site "Santiago de Cali Valle"]
[Date "????.??.??"]
[Round "7.4"]
[White "Chavez, Diana"]
[Black "Castrillon, Melisa"]
[Result "1/2-1/2"]
[WhiteElo "1603"]
[BlackElo "1618"]
[PlyCount "85"]
[EventDate "2007.03.30"]

1. d4 Nf6 2. c4 g6 3. Nc3 Bg7 4. e4 d6 5. Nf3 O-O 6. Be2 Nbd7 7. O-O e5 8. Be3
a5 9. a3 b6 10. d5 Nc5 11. Qc2 Nh5 12. b4 Nd7 13. Rac1 f5 14. Ng5 Ndf6 15. c5
axb4 16. axb4 bxc5 17. bxc5 f4 18. Bd2 Ng4 19. Nf3 Nhf6 20. h3 Nh6 21. Ng5 Nxd5
22. Nxd5 Qxg5 23. Nxc7 Bxh3 24. Bf3 Ra3 25. Qd1 dxc5 26. Nb5 Ra6 27. Qb3+ Kh8
28. Nc7 Rc6 29. Nd5 Bg4 30. Rfd1 c4 31. Qc3 Qh5 32. Ne7 Bxf3 33. Qxf3 Qxf3 34.
gxf3 Re6 35. Nd5 Rc8 36. Kg2 Nf7 37. Bb4 Nd6 38. Nb6 Rc6 39. Bxd6 Rexd6 40.
Rxd6 Rxd6 41. Rxc4 Rxb6 42. Rc8+ Bf8 43. Rxf8+ 1/2-1/2

[Event "Nacional Sub 14 Femenino"]
[Site "Santiago de Cali Valle"]
[Date "????.??.??"]
[Round "7.5"]
[White "Chirivi, Angie"]
[Black "Monsalve, Adriana"]
[Result "1-0"]
[WhiteElo "1543"]
[BlackElo "1613"]
[PlyCount "107"]
[EventDate "2007.03.30"]

1. e4 e5 2. Nf3 Nf6 3. Nxe5 d6 4. Nf3 Nxe4 5. d4 d5 6. Bd3 Nc6 7. O-O Be7 8.
Re1 Bg4 9. c4 Nf6 10. cxd5 Nxd5 11. Nc3 Nf6 12. b3 O-O 13. d5 Nxd5 14. Bxh7+
Kxh7 15. Qxd5 Qxd5 16. Nxd5 Bd6 17. Ng5+ Kg6 18. h3 Nd4 19. Ne7+ Bxe7 20. Rxe7
Ne2+ 21. Kf1 Nxc1 22. Rxc1 Kxg5 23. hxg4 Rac8 24. Rcxc7 Rxc7 25. Rxc7 a5 26.
Rxb7 Rc8 27. Rb5+ Kxg4 28. Rxa5 Rc1+ 29. Ke2 Rc2+ 30. Ke3 Rb2 31. Ra7 g5 32.
Ra4+ Kf5 33. b4 f6 34. Ra5+ Kg6 35. b5 Kh5 36. g3 f5 37. Kf3 g4+ 38. Kg2 Kg5
39. a4 f4 40. b6+ Kf6 41. Rb5 f3+ 42. Kg1 Rd2 43. b7 Rd1+ 44. Kh2 Rd2 45. b8=Q
Rxf2+ 46. Kg1 Re2 47. Qd6+ Re6 48. Qf4+ Ke7 49. Qc7+ Kf6 50. Qf4+ Ke7 51. Rb7+
Kd8 52. Qf8+ Re8 53. Qd6+ Kc8 54. Qc7# 1-0

[Event "Nacional Sub 14 Femenino"]
[Site "Santiago de Cali Valle"]
[Date "????.??.??"]
[Round "7.6"]
[White "Pulido, Lina"]
[Black "Rodriguez, Paula"]
[Result "1-0"]
[WhiteElo "1585"]
[BlackElo "1705"]
[PlyCount "55"]
[EventDate "2007.03.30"]

1. e4 c5 2. c3 Nf6 3. e5 Nd5 4. d4 cxd4 5. cxd4 e6 6. Nf3 Nc6 7. Be2 Bb4+ 8.
Bd2 Bxd2+ 9. Qxd2 O-O 10. O-O d6 11. Nc3 Nxc3 12. Qxc3 d5 13. a3 Bd7 14. Qd2
Na5 15. Qe3 Nc4 16. Qb3 Nb6 17. Rac1 Ba4 18. Qe3 Qe7 19. Rc3 Rfc8 20. Rfc1 Bc6
21. b4 a6 22. Ne1 Qe8 23. Qg3 Ba4 24. Qf3 Rxc3 25. Rxc3 Rc8 26. Qe3 Rc6 27. Qc1
Qc8 28. Rc5 {Las negras perdieron (celular)} 1-0

[Event "Nacional Sub 14 Femenino"]
[Site "Santiago de Cali Valle"]
[Date "????.??.??"]
[Round "7.7"]
[White "Ruiz, Camila"]
[Black "Zapata, Zuleidy"]
[Result "1-0"]
[WhiteElo "1500"]
[BlackElo "1650"]
[PlyCount "61"]
[EventDate "2007.03.30"]

1. e4 c5 2. Nf3 d6 3. d4 cxd4 4. Nxd4 Nf6 5. Nc3 a6 6. f3 e5 7. Nb3 Be7 8. Be3
Be6 9. Qd2 Nbd7 10. O-O-O O-O 11. Kb1 b5 12. g4 Nb6 13. Bxb6 Qxb6 14. Nd5 Bxd5
15. exd5 Rac8 16. h4 Qc7 17. Na5 Qc5 18. h5 e4 19. g5 e3 20. Qd3 Nd7 21. g6 h6
22. Nc6 Bg5 23. f4 Bf6 24. Bh3 Rc7 25. gxf7+ Kh8 26. Rhg1 Rxf7 27. Be6 Rf8 28.
Qg6 Nb6 29. Bf5 Kg8 30. Qh7+ Kf7 31. Bg6# 1-0

[Event "Nacional Sub 14 Femenino"]
[Site "Santiago de Cali Valle"]
[Date "????.??.??"]
[Round "7.8"]
[White "Loaiza, Yurani"]
[Black "Baquero, Yuri"]
[Result "0-1"]
[WhiteElo "1411"]
[BlackElo "1634"]
[PlyCount "22"]
[EventDate "2007.03.30"]

1. e4 d5 2. exd5 Nf6 3. d4 Nxd5 4. c4 Nf6 5. Nc3 Bf5 6. Nf3 e6 7. Be3 Nbd7 8.
Be2 Nb6 9. Qd2 Bb4 10. Bd3 Ne4 11. O-O Nxd2 0-1

[Event "Nacional Sub 14 Femenino"]
[Site "Santiago de Cali Valle"]
[Date "????.??.??"]
[Round "7.9"]
[White "Zambrano, Jenny"]
[Black "Renteria, Manuela"]
[Result "1/2-1/2"]
[WhiteElo "1411"]
[BlackElo "1605"]
[PlyCount "77"]
[EventDate "2007.03.30"]

1. e4 e5 2. Nf3 Nc6 3. Bc4 Bc5 4. b4 Bxb4 5. c3 Bd6 6. d4 Qe7 7. O-O Nf6 8. Bg5
h6 9. Bxf6 Qxf6 10. Qd3 O-O 11. Nbd2 Ne7 12. dxe5 Bxe5 13. Nxe5 Qxe5 14. Qd4
Nc6 15. Qxe5 Nxe5 16. f4 Nc6 17. Nb3 d6 18. Nd4 Bd7 19. Rab1 Rab8 20. Rfe1 Ne7
21. Nf3 Be6 22. Bb3 b5 23. Nd4 Bxb3 24. Rxb3 a6 25. Reb1 c5 26. Nf3 Rfe8 27. e5
Nf5 28. a4 b4 29. cxb4 c4 30. Rc3 d5 31. g4 Ne7 32. Nd4 g5 33. f5 Nc8 34. e6
fxe6 35. fxe6 Ne7 36. b5 axb5 37. axb5 Rb6 38. Kf2 Kg7 39. Kg3 1/2-1/2

[Event "Nacional Sub 14 Femenino"]
[Site "Santiago de Cali Valle"]
[Date "????.??.??"]
[Round "7.10"]
[White "Garzon, Laura"]
[Black "Mora, Monica"]
[Result "0-1"]
[WhiteElo "1500"]
[BlackElo "1688"]
[PlyCount "84"]
[EventDate "2007.03.30"]

1. e4 e5 2. Nf3 Nc6 3. Bc4 Nf6 4. d3 Bc5 5. O-O d6 6. h3 O-O 7. Bg5 h6 8. Bh4
Na5 9. Bb3 Nxb3 10. axb3 Be6 11. Nh2 Qe7 12. Kh1 g5 13. Bg3 Nh7 14. f4 exf4 15.
Bxf4 gxf4 16. Rxf4 Qg5 17. Qf3 Kh8 18. Nc3 c6 19. Ng4 Bxg4 20. Rxg4 Qf6 21.
Qxf6+ Nxf6 22. Rf4 Nd7 23. Raf1 f6 24. Rh4 Kg7 25. Rf5 Kg6 26. Nd1 Rh8 27. Nf2
Bxf2 28. Rxf2 Raf8 29. Rhf4 a6 30. g4 h5 31. gxh5+ Rxh5 32. Rg4+ Rg5 33. Rfg2
Ne5 34. Rxg5+ fxg5 35. Kh2 Nf3+ 36. Kg3 Nh4 37. Rh2 Rf3+ 38. Kg4 Rf1 39. Kg3
Rg1+ 40. Kf2 Rb1 41. Ke3 Rxb2 42. Kd2 Nf3+ 0-1

[Event "Nacional Sub 14 Femenino"]
[Site "Santiago de Cali Valle"]
[Date "????.??.??"]
[Round "7.11"]
[White "Moreno, Ana"]
[Black "Fong, Shueling"]
[Result "1-0"]
[WhiteElo "1634"]
[BlackElo "1396"]
[PlyCount "51"]
[EventDate "2007.03.30"]

1. e4 e5 2. Nf3 Nc6 3. Bb5 a6 4. Ba4 Nf6 5. O-O d5 6. exd5 Nxd5 7. Nxe5 b5 8.
Nxc6 Qg5 9. Re1+ Kd7 10. d4 Nf4 11. Bxf4 Qxf4 12. Ne5+ Kd8 13. Bb3 f6 14. Nf7+
Kd7 15. Nxh8 Bb4 16. c3 Bd6 17. g3 Qh6 18. Nf7 Qh3 19. Be6+ Qxe6 20. Rxe6 Kxe6
21. Qb3+ Ke7 22. Nd2 Bb7 23. Re1+ Kd7 24. Qe6+ Kc6 25. d5+ Kc5 26. Nxd6 1-0

[Event "Nacional Sub 14 Femenino"]
[Site "Santiago de Cali Valle"]
[Date "????.??.??"]
[Round "7.12"]
[White "Gaviria, Angelica"]
[Black "Ocampo, Derly"]
[Result "0-1"]
[WhiteElo "1327"]
[BlackElo "1535"]
[PlyCount "130"]
[EventDate "2007.03.30"]

1. e4 e5 2. Bc4 Nc6 3. Nf3 Bc5 4. Nc3 Nf6 5. d3 h6 6. h3 d6 7. a3 O-O 8. O-O
Be6 9. Bxe6 fxe6 10. b4 Bb6 11. Ne2 a5 12. bxa5 Rxa5 13. Bd2 Ra6 14. Ng3 Bc5
15. a4 Qa8 16. c4 Ne7 17. Qb3 Rb6 18. Qc2 Ng6 19. a5 Ra6 20. Rfb1 b6 21. Qb2
bxa5 22. Ra2 Ne7 23. Rba1 Nc6 24. Qc3 Bb4 25. Qc2 Bxd2 26. Qxd2 Rb8 27. d4 exd4
28. Nxd4 Nxd4 29. Qxd4 e5 30. Qd3 Rb4 31. Nf5 Kf7 32. Ra4 Rxa4 33. Rxa4 Qxe4
34. Qxe4 Nxe4 35. f3 Nc5 36. Ra2 Nb7 37. Rc2 Rb6 38. g4 Rb1+ 39. Kg2 Nc5 40.
Ra2 a4 41. Rf2 a3 42. Ne3 Rb2 43. Nc2 a2 44. f4 exf4 45. Rxf4+ Ke7 46. Rf2 Nb3
47. Re2+ Kd7 48. Rf2 a1=Q 49. Nxa1 Rxf2+ 50. Kxf2 Nxa1 51. Ke3 Nc2+ 52. Ke4 Ke6
53. Kf4 Na3 54. h4 Nxc4 55. g5 hxg5+ 56. Kxg5 Kf7 57. h5 d5 58. Kf5 d4 59. Kg5
d3 60. Kf5 d2 61. Kg5 d1=Q 62. Kh4 Qg1 63. Kh3 Ne3 64. h6 Qg2+ 65. Kh4 Qg4# 0-1

[Event "Nacional Sub 14 Femenino"]
[Site "Santiago de Cali Valle"]
[Date "????.??.??"]
[Round "7.13"]
[White "Maldonado, Lina"]
[Black "Ruiz, Justine"]
[Result "1/2-1/2"]
[WhiteElo "1496"]
[BlackElo "1536"]
[PlyCount "56"]
[EventDate "2007.03.30"]

1. c4 c5 2. Nc3 Nc6 3. Nf3 Nf6 4. g3 g6 5. Bg2 Bg7 6. O-O O-O 7. d3 d6 8. Bf4
Bg4 9. Qd2 Qd7 10. Bh6 Bh3 11. Qg5 Qg4 12. Qxg4 Bxg4 13. Bxg7 Kxg7 14. h3 Bxf3
15. Bxf3 Ne5 16. Bg2 Rab8 17. f4 Nc6 18. b3 e5 19. Nd5 Nxd5 20. Bxd5 Ne7 21.
Bg2 Nf5 22. Kh2 Ne3 23. Rf2 Nxg2 24. Kxg2 Rbe8 25. e4 Re6 26. Raf1 a6 27. Rf3
h6 28. Kf2 g5 1/2-1/2

[Event "Nacional Sub 14 Femenino"]
[Site "Santiago de Cali Valle"]
[Date "????.??.??"]
[Round "7.14"]
[White "Zapata, Keila"]
[Black "Rodriguez, Sofia"]
[Result "1-0"]
[WhiteElo "1606"]
[BlackElo "1469"]
[PlyCount "73"]
[EventDate "2007.03.30"]

1. e4 e5 2. Nf3 Nc6 3. Bb5 a6 4. Ba4 Nf6 5. O-O Be7 6. h3 d6 7. c3 b5 8. Bb3
O-O 9. d4 Bb7 10. Re1 Re8 11. a4 Bf8 12. Nbd2 Nb8 13. Bc2 Nbd7 14. Nf1 exd4 15.
cxd4 Nxe4 16. axb5 axb5 17. Rxa8 Qxa8 18. Qd3 b4 19. Ng3 Nef6 20. Rxe8 Qxe8 21.
Qc4 Bxf3 22. gxf3 d5 23. Qf1 c5 24. Be3 Bd6 25. dxc5 Nxc5 26. Nf5 Be7 27. Qg2
g6 28. h4 Kh8 29. Nxe7 Qxe7 30. Bd4 Ne6 31. Be5 h5 32. Bxg6 fxg6 33. Qxg6 Qd8
34. Bxf6+ Qxf6 35. Qxf6+ Kg8 36. Qxe6+ Kf8 37. Qxd5 1-0

[Event "Nacional Sub 14 Femenino"]
[Site "Santiago de Cali Valle"]
[Date "????.??.??"]
[Round "7.16"]
[White "Garcia, Linda"]
[Black "Fiesco, Valentina"]
[Result "0-1"]
[WhiteElo "1500"]
[BlackElo "1592"]
[PlyCount "60"]
[EventDate "2007.03.30"]

1. e4 e5 2. Nc3 Nf6 3. f4 d6 4. Nf3 Nc6 5. Bc4 Be7 6. Bb3 O-O 7. O-O Bg4 8. Kh1
Nd4 9. fxe5 dxe5 10. Rf2 Bd6 11. Qf1 a6 12. Ne2 Nxe2 13. Qxe2 b5 14. c3 c5 15.
d3 Re8 16. Qf1 Qd7 17. Ng5 h6 18. Bxf7+ Kh8 19. Bxe8 Rxe8 20. Nf3 Qf7 21. d4 c4
22. dxe5 Bxe5 23. Nxe5 Rxe5 24. Rf4 Qg6 25. Be3 Rxe4 26. Rxe4 Nxe4 27. h3 Ng3+
28. Kg1 Nxf1 29. Rxf1 Bxh3 30. Rf8+ Kh7 0-1

[Event "Nacional Sub 14 Femenino"]
[Site "Santiago de Cali Valle"]
[Date "????.??.??"]
[Round "7.17"]
[White "Agudelo, Alejandra"]
[Black "Mesa, Brenda"]
[Result "1-0"]
[WhiteElo "1393"]
[BlackElo "1550"]
[PlyCount "83"]
[EventDate "2007.03.30"]

1. e4 e5 2. Nf3 Nc6 3. Nc3 Nf6 4. Bb5 d6 5. d3 h6 6. h3 Bd7 7. O-O a6 8. Bxc6
Bxc6 9. Re1 Qd7 10. Be3 O-O-O 11. d4 Nxe4 12. dxe5 dxe5 13. Qxd7+ Rxd7 14. Nxe5
Re7 15. Nxc6 bxc6 16. Bd4 Nxc3 17. Bxc3 Rg8 18. Rxe7 Bxe7 19. Re1 Bc5 20. Re4
g5 21. Rc4 Bd6 22. Rxc6 Kb7 23. Rc4 Bf4 24. Rb4+ Kc8 25. Re4 f5 26. Ra4 Rd8 27.
Rd4 Rxd4 28. Bxd4 Kd7 29. Bg7 h5 30. Bf6 Ke6 31. Bc3 Kd5 32. f3 g4 33. fxg4
fxg4 34. hxg4 hxg4 35. Kf2 Ke4 36. a3 g3+ 37. Ke2 Be3 38. Ba5 c5 39. Bb6 Kf4
40. b4 cxb4 41. Bxe3+ Kg4 42. axb4 1-0

[Event "Nacional Sub 14 Femenino"]
[Site "Santiago de Cali Valle"]
[Date "????.??.??"]
[Round "7.18"]
[White "Zamora, Isabela"]
[Black "Chamorro, Maryuri"]
[Result "1-0"]
[WhiteElo "1507"]
[BlackElo "1339"]
[PlyCount "103"]
[EventDate "2007.03.30"]

1. e4 e5 2. Nf3 Nc6 3. d4 f6 4. Bc4 Nge7 5. Be3 d6 6. d5 Na5 7. Be2 c6 8. b4
cxd5 9. bxa5 dxe4 10. Nfd2 Qxa5 11. O-O Nf5 12. Nxe4 Nxe3 13. fxe3 Qb6 14. Qd2
Bf5 15. Rxf5 O-O-O 16. Nbc3 Kb8 17. Rb1 Qc7 18. Nd5 Qc8 19. Rf2 f5 20. Ng3 g6
21. Qc3 Qxc3 22. Nxc3 Rc8 23. Rb3 Ka8 24. Bd1 Bh6 25. Nd5 Rc5 26. Rd2 a5 27.
Kf2 Ka7 28. Rc3 Rxc3 29. Nxc3 Rd8 30. Nb5+ Kb6 31. Rxd6+ Rxd6 32. Nxd6 f4 33.
exf4 Bxf4 34. Nf1 Kc5 35. Nxb7+ Kb6 36. g3 Kxb7 37. gxf4 exf4 38. h4 Kb6 39.
Kf3 Kb5 40. Kxf4 Kb4 41. Ke5 Ka3 42. c4 Kxa2 43. c5 Ka3 44. c6 a4 45. c7 Kb4
46. Bxa4 Kxa4 47. c8=Q h6 48. Qb7 g5 49. hxg5 hxg5 50. Kd5 g4 51. Kc4 Ka3 52.
Qb3# 1-0

[Event "Nacional Sub 14 Femenino"]
[Site "Santiago de Cali Valle"]
[Date "????.??.??"]
[Round "7.19"]
[White "Rios, Jessica"]
[Black "Muñoz, Diana"]
[Result "0-1"]
[WhiteElo "1400"]
[BlackElo "1442"]
[PlyCount "114"]
[EventDate "2007.03.30"]

1. e4 c5 2. Nf3 d6 3. d4 cxd4 4. Nxd4 Nf6 5. Nc3 a6 6. Be3 e5 7. Nf3 Be6 8. Ng5
Bg4 9. f3 Bd7 10. Bd3 h6 11. Nh3 Be7 12. g3 O-O 13. Qe2 Nc6 14. Qf2 Bxh3 15. a3
d5 16. O-O-O d4 17. Bc4 Qb6 18. Bd2 Bc5 19. Na4 Qa7 20. b4 Be7 21. f4 b5 22.
Bb3 bxa4 23. Bxa4 Rac8 24. Rhe1 exf4 25. e5 Nd5 26. gxf4 f6 27. e6 Nc3 28. Bxc6
Rxc6 29. Bxc3 Rxe6 30. Bxd4 Qc7 31. f5 Rxe1 32. Rxe1 Bd6 33. Bb6 Bf4+ 34. Kb1
Qc4 35. Qc5 Qxc5 36. Bxc5 Rd8 37. Be7 Rd2 38. Re4 Rd1+ 39. Kb2 Be5+ 40. Kb3
Bxf5 41. Rc4 Be6 42. c3 Bxc4+ 43. Kxc4 f5 44. Bh4 Rc1 45. b5 axb5+ 46. Kxb5
Rxc3 47. a4 g5 48. Be1 Rc2 49. h3 h5 50. a5 g4 51. hxg4 fxg4 52. a6 Ra2 53. Ba5
Bd4 54. Kb4 g3 55. Kb5 g2 56. Bb6 Bxb6 57. Kxb6 Rxa6+ 0-1

[Event "Nacional Sub 14 Femenino"]
[Site "Santiago de Cali Valle"]
[Date "????.??.??"]
[Round "7.20"]
[White "Garcia, Mildrey"]
[Black "Tascon, Juliana"]
[Result "1-0"]
[WhiteElo "1373"]
[BlackElo "1300"]
[PlyCount "65"]
[EventDate "2007.03.30"]

1. e4 e5 2. Nf3 Nc6 3. Bb5 Nf6 4. Nc3 d6 5. Bc4 Bg4 6. h3 Bxf3 7. Qxf3 Qd7 8.
a3 Be7 9. d3 Na5 10. Bd5 c6 11. Bc4 O-O 12. O-O b5 13. Bb3 Nxb3 14. cxb3 Rab8
15. b4 Qc7 16. Be3 d5 17. exd5 cxd5 18. Nxd5 Nxd5 19. Qxd5 Rb7 20. Rac1 Qd6 21.
Qxd6 Bxd6 22. Bc5 Bxc5 23. bxc5 f5 24. c6 Rc7 25. Rc5 Rfc8 26. Rd1 e4 27. dxe4
fxe4 28. Rd6 Kf7 29. Rd4 Re8 30. Rd1 Ke7 31. Rdc1 Kf8 32. Rxb5 Rd8 33. Rc4 1-0

[Event "Nacional Sub 14 Femenino"]
[Site "Santiago de Cali Valle"]
[Date "????.??.??"]
[Round "7.21"]
[White "Loaiza, Angelica"]
[Black "Barbosa, Daniela"]
[Result "0-1"]
[WhiteElo "1300"]
[BlackElo "1461"]
[PlyCount "88"]
[EventDate "2007.03.30"]

1. e4 e5 2. Nf3 Nc6 3. Be2 Be7 4. d3 Nf6 5. Nc3 h6 6. Bd2 O-O 7. O-O d6 8. b3
Be6 9. Be3 Qd7 10. d4 Rad8 11. Re1 Bg4 12. h3 Bxf3 13. Bxf3 exd4 14. Bxd4 Nxd4
15. Qxd4 c5 16. Qd3 Rfe8 17. Red1 b6 18. a3 Kf8 19. Rd2 a5 20. b4 axb4 21. axb4
cxb4 22. Nb1 Qe6 23. Ra4 Rd7 24. Rxb4 Rb8 25. Na3 d5 26. exd5 Qe1+ 27. Kh2 Bd6+
28. g3 Bxb4 29. Rd1 Qxf2+ 30. Bg2 Rxd5 31. Qf1 Qxf1 32. Rxf1 Bxa3 33. Bxd5 Nxd5
34. Ra1 Bd6 35. Rd1 Rc8 36. Rxd5 Rxc2+ 37. Kg1 Bxg3 38. Rb5 Bf2+ 39. Kh1 g5 40.
Kh2 Bc5+ 41. Kg3 f5 42. h4 Bf2+ 43. Kh3 g4+ 44. Kh2 Bc5+ 0-1

[Event "Nacional Sub 14 Femenino"]
[Site "Santiago de Cali Valle"]
[Date "????.??.??"]
[Round "8.1"]
[White "Salazar, Aura"]
[Black "Castro, Natalia"]
[Result "1/2-1/2"]
[WhiteElo "1663"]
[BlackElo "1655"]
[PlyCount "137"]
[EventDate "2007.03.30"]

1. e4 e5 2. Nf3 Nf6 3. d4 Nxe4 4. Bd3 d5 5. Nxe5 Bd6 6. O-O O-O 7. c4 c6 8. Nd2
Bxe5 9. dxe5 Nc5 10. Bc2 h6 11. Qh5 Qg5 12. Qxg5 hxg5 13. cxd5 cxd5 14. Rd1 Re8
15. Nb3 Nxb3 16. Bxb3 Rxe5 17. Bxd5 Nd7 18. Be3 Nf6 19. Bf3 g4 20. Rd8+ Re8 21.
Rxe8+ Nxe8 22. Be2 Be6 23. b3 b6 24. Rc1 Rc8 25. Rxc8 Bxc8 26. Bf4 Nf6 27. Bb8
a6 28. Ba7 b5 29. Bd3 Nd5 30. Bd4 Nf4 31. Bf1 Bb7 32. Be5 Ng6 33. Bd6 Nh4 34.
b4 f6 35. Bg3 Nf5 36. Bf4 g5 37. Bc7 Nh4 38. Be2 Nxg2 39. Bxg4 Ne1 40. Kf1 Nc2
41. Bd6 Bd5 42. Bc8 Bxa2 43. Bxa6 Bc4+ 44. Kg2 Kf7 45. Kf3 Ke6 46. Bc5 Ke5 47.
Bc8 Bd5+ 48. Ke2 Nd4+ 49. Ke3 Nf3 50. Bd7 Nxh2 51. Bxb5 Ng4+ 52. Kd3 Be4+ 53.
Ke2 Bd5 54. Bd7 Be6 55. Bc6 Bd5 56. Bd7 Be6 57. Be8 Kd5 58. Be7 Bc8 59. f3 Ke6
60. Bc5 Ne5 61. Ke3 Bb7 62. f4 gxf4+ 63. Kxf4 Nd3+ 64. Kg4 Nxc5 65. bxc5 Kd5
66. c6 Bxc6 67. Bxc6+ Kxc6 68. Kf5 Kd6 69. Kxf6 1/2-1/2